00592nam a2200205Ia 450000500170000000800410001702000280005804000190008604100120010508200140011724500440013126000200017530000220019565000190021770000130023685000110024994200070026099900170026795201020028420240404130924.0131103s9999 xx 000 0 und d a81 7170 033 0cRs 39.90 aLoreto College aEnglish a301 bPIN aNew ICSE Principles of CivicscG.R.Hart aNew Delhic2001 a149pb ill,chart. aSocial science aG.R.Hart aLCBED  cBK c27059d77538 00102ddc4070aMAINbMAINd2013-11-04l0o301 PIN 13734pB29900r2013-11-04w2013-11-04yBKf